[Event "Valby K41 Spring-A"]
[Site "Valby"]
[Date "2009.03.31"]
[Round "3"]
[White "Helles, Morten Agervig"]
[Black "Jorgensen, Kasper Moller"]
[Result "0-1"]
[WhiteElo "1818"]
[BlackElo "1938"]
[PlyCount "120"]
[EventDate "2009.03.17"]
[EventType "tourn"]
[EventRounds "7"]
[EventCountry "DEN"]
[SourceTitle "EXT 2023"]
[Source "ChessBase"]
[SourceDate "2022.10.05"]
[SourceVersion "1"]
[SourceVersionDate "2022.10.05"]
[SourceQuality "1"]

1. b3 e5 2. Bb2 d6 3. d4 exd4 4. Qxd4 Nc6 5. Qf4 Qd7 6. g3 Qf5 7. Na3 Qxf4 8. gxf4 Be6 9. Bg2 f5 10. Nf3 h6 11. Nb5 0-0-0 12. Nfd4 Nxd4 13. Nxd4 Bd7 14. Bh3 Ne7 15. a4 Rh7 16. Bg2 g5 17. Nb5 a6 18. Na3 gxf4 19. Rg1 Nc6 20. Nc4 Be6 21. Rb1 Bxc4 22. bxc4 Bg7 23. Bxc6 bxc6 24. Rxg7 Rxg7 25. Bxg7 Rg8 26. Rb3 Rxg7 27. Rh3 Rg1+ 28. Kd2 Ra1 29. Rxh6 Rxa4 30. Rh8+ Kd7 31. h4 Rxc4 32. h5 f3 33. e3 Rh4 34. h6 Rh2 35. Ke1 Rh1+ 36. Kd2 Rf1 37. Rg8 Rxf2+ 38. Ke1 Rh2 39. Rg7+ Kc8 40. h7 Kb7 41. Rf7 Kb6 42. Rxf5 Rxh7 43. Rxf3 Rh2 44. Kd1 c5 45. Rf8 c4 46. Rf4 Kc5 47. Rf7 c6 48. Rb7 c3 49. Rb3 Rd2+ 50. Kc1 Kc4 51. Ra3 Rh2 52. Kd1 Rd2+ 53. Kc1 Re2 54. Kd1 Rxe3 55. Rxa6 Kc5 56. Ra5+ Kb4 57. Ra6 Kb5 58. Ra8 Rh3 59. Rg8 d5 60. Rb8+ Kc4 0-1

[Event "Valby K41 Autumn-B"]
[Site "Valby"]
[Date "2007.09.11"]
[Round "1"]
[White "Helles, Morten Agervig"]
[Black "Andersen, Rune Egede"]
[Result "1-0"]
[WhiteElo "1830"]
[BlackElo "1981"]
[PlyCount "79"]
[EventDate "2007.09.11"]
[EventType "tourn"]
[EventRounds "7"]
[EventCountry "DEN"]
[SourceTitle "EXT 2023"]
[Source "ChessBase"]
[SourceDate "2022.10.05"]
[SourceVersion "1"]
[SourceVersionDate "2022.10.05"]
[SourceQuality "1"]

1. b3 d5 2. Bb2 Bg4 3. g3 c6 4. Bg2 Nd7 5. Nf3 Ngf6 6. d3 e6 7. Nbd2 Bd6 8. a3 0-0 9. h3 Bh5 10. 0-0 Re8 11. Qe1 Qb6 12. Kh1 Rad8 13. Rb1 e5 14. e4 h6 15. Nh4 Qc7 16. Nf5 Bf8 17. g4 Bg6 18. Bf3 Nc5 19. Rg1 Ne6 20. h4 Rd7 21. exd5 Nxd5 22. Ne4 Bxf5 23. gxf5 Nd4 24. Bd1 Nxf5 25. c4 Qd8 26. cxd5 cxd5 27. Ng3 Qxh4+ 28. Kg2 Qg5 29. Bc1 Qg6 30. Bh5 Nh4+ 31. Kh3 Qxd3 32. Bxh6 Re6 33. Qe3 Qh7 34. Qg5 Rxh6 35. Qxh4 Be7 36. Qg4 f5 37. Qa4 Rd8 38. Qxa7 f4 39. Qxb7 Bf6 40. Kg2 1-0